[Event "CAN-op U2000"]
[Site "Windsor CAN"]
[Date "2016.07.13"]
[Round "4.38"]
[White "Gillis, Doug"]
[Black "Zhao, Zhong"]
[Result "0-1"]
[WhiteElo "1610"]
[BlackElo "1635"]
[PlyCount "140"]
[EventDate "2016.07.10"]
[EventType "swiss"]
[EventRounds "9"]
[EventCountry "CAN"]

1. d4 Nf6 2. Nc3 d5 3. Bg5 h6 4. Bh4 e6 5. e3 Nbd7 6. Qd3 c5 7. Nf3 Be7 8. e4
cxd4 9. Qxd4 g5 10. Bg3 Bc5 11. Qd3 dxe4 12. Nxe4 Qa5+ 13. c3 Nxe4 14. Qxe4 Qb6
15. O-O-O Qc6 16. Qxc6 bxc6 17. Ne5 Nxe5 18. Bxe5 Rg8 19. Bd4 Bb6 20. f3 Ke7
21. Be2 Bd7 22. Bf6+ Kxf6 23. Rxd7 Rgd8 24. Rhd1 Rab8 25. Rxd8 Bxd8 26. Rd7 a5
27. Bd3 Bb6 28. Be4 Be3+ 29. Kc2 c5 30. h3 Rb6 31. g4 Bf4 32. b3 a4 33. Bd3
axb3+ 34. axb3 Rb8 35. Be4 Rb5 36. Ra7 Rb6 37. Bd3 Rd6 38. Ra8 Kg7 39. Ra6 Rd5
40. Rc6 Be3 41. Rc7 Rd8 42. Rb7 Kf6 43. Rc7 Rf8 44. Be4 Ke5 45. Kd3 Bg1 46. Ke2
f5 47. gxf5 exf5 48. Kf1 fxe4 49. Kxg1 Rxf3 50. Rxc5+ Kd6 51. Rc4 Ke5 52. Kg2
Rf6 53. Rc5+ Kd6 54. Ra5 Rf7 55. Ra6+ Ke5 56. Rxh6 e3 57. Ra6 Ke4 58. Re6+ Kd3
59. Rd6+ Kxc3 60. Rc6+ Kd2 61. Rd6+ Ke1 62. Ra6 e2 63. Ra1+ Kd2 64. Ra2+ Ke3
65. Ra1 Rf2+ 66. Kg1 Kf3 67. b4 Rg2+ 68. Kh1 Kf2 69. b5 Rg3 70. Kh2 Rb3 0-1

[Event "CAN-op U2000"]
[Site "Windsor CAN"]
[Date "2016.07.13"]
[Round "4.39"]
[White "Li, Jack"]
[Black "Faust, Steven"]
[Result "1-0"]
[WhiteElo "1629"]
[BlackElo "1613"]
[PlyCount "135"]
[EventDate "2016.07.10"]
[EventType "swiss"]
[EventRounds "9"]
[EventCountry "CAN"]

1. e4 e6 2. d4 d5 3. Nd2 dxe4 4. Nxe4 Bd7 5. c3 Bc6 6. Ng3 Nd7 7. Nf3 Ngf6 8.
Bd3 Be7 9. O-O O-O 10. Bg5 Nd5 11. Bxe7 Qxe7 12. Re1 Qf6 13. Qc2 g6 14. b4 Nf4
15. Be4 Bxe4 16. Rxe4 Nd5 17. Qd2 Qg7 18. h4 N7f6 19. Re5 h6 20. h5 Nb6 21. Qe2
Nbd7 22. Re3 Nd5 23. Ne5 Nxe5 24. Rxe5 Nxc3 25. Qd3 Nd5 26. hxg6 fxg6 27. Qc4
c6 28. Rae1 Rae8 29. b5 Qf7 30. f3 cxb5 31. Qxb5 a6 32. Qb3 b5 33. Ne4 Rd8 34.
Nc5 Nc7 35. Nxe6 Nxe6 36. Rxe6 Kh8 37. Rxa6 Qxb3 38. axb3 Kg7 39. Ree6 Kf7 40.
Rxg6 Rh8 41. Rgf6+ Kg7 42. Rg6+ Kf7 43. Rgb6 Rhe8 44. Ra7+ Re7 45. Rxe7+ Kxe7
46. Rxb5 Rxd4 47. Rh5 Rd6 48. g4 Kf7 49. b4 Kg6 50. b5 Rd3 51. Kg2 Rb3 52. Rf5
Rb2+ 53. Kg3 Rb3 54. Kf4 Rb4+ 55. Ke3 Rb1 56. Kd4 Rd1+ 57. Kc5 Rc1+ 58. Kb6 Rc3
59. Ka7 Ra3+ 60. Kb7 Rb3 61. b6 Rc3 62. Kb8 Rb3 63. b7 Ra3 64. Kc7 Rc3+ 65. Kb6
Rb3+ 66. Rb5 Rxf3 67. b8=Q h5 68. Qg8+ 1-0

[Event "CAN-op U2000"]
[Site "Windsor CAN"]
[Date "2016.07.13"]
[Round "4.40"]
[White "Cui, Cynthia"]
[Black "Deimert, Elroy"]
[Result "1/2-1/2"]
[WhiteElo "1700"]
[BlackElo "1612"]
[PlyCount "117"]
[EventDate "2016.07.10"]
[EventType "swiss"]
[EventRounds "9"]
[EventCountry "CAN"]

1. c4 Nf6 2. g3 g6 3. Bg2 Bg7 4. Nc3 O-O 5. Nf3 d6 6. O-O e5 7. d3 Nc6 8. a3
Ne7 9. Qc2 Nf5 10. Rb1 Bd7 11. b4 Qc8 12. e3 Re8 13. d4 Bc6 14. d5 Bd7 15. e4
Nd4 16. Nxd4 exd4 17. Ne2 Bh3 18. Nxd4 Bxg2 19. Kxg2 Nxe4 20. Bb2 Ng5 21. Qd1
Qh3+ 22. Kh1 Re7 23. Bc1 Ne4 24. Ne2 Qf5 25. Bf4 Rae8 26. Nd4 Nxf2+ 27. Rxf2
Re1+ 28. Qxe1 Rxe1+ 29. Rxe1 Bxd4 30. Bh6 Qd7 31. Rfe2 Be5 32. c5 f6 33. Bf4
Qf7 34. cxd6 cxd6 35. Rd1 g5 36. Bxe5 fxe5 37. Re3 Qf2 38. Rde1 Qd2 39. R3e2
Qxd5+ 40. Kg1 Qd3 41. Re3 Qd4 42. Kg2 g4 43. R3e2 h5 44. Rf2 Kg7 45. Ref1 Qd5+
46. Kg1 Qd4 47. Kg2 Qe4+ 48. Kg1 Qg6 49. Rd1 b6 50. Rfd2 Qe4 51. Rxd6 Qe3+ 52.
Kh1 Qxa3 53. Rd7+ Kf6 54. R7d6+ Ke7 55. Rd7+ Ke6 56. R7d6+ Kf5 57. Rf1+ Ke4 58.
Re1+ Kf5 59. Rf1+ 1/2-1/2

[Event "CAN-op U2000"]
[Site "Windsor CAN"]
[Date "2016.07.13"]
[Round "4.41"]
[White "Deimert, David"]
[Black "Clarke, Brian"]
[Result "1-0"]
[WhiteElo "1650"]
[BlackElo "1695"]
[PlyCount "131"]
[EventDate "2016.07.10"]
[EventType "swiss"]
[EventRounds "9"]
[EventCountry "CAN"]

1. e4 d6 2. d4 Nf6 3. Nc3 c6 4. Nf3 Bg4 5. Be2 Nbd7 6. O-O e5 7. dxe5 dxe5 8.
Bg5 Be7 9. Re1 O-O 10. a3 Qc7 11. h3 Bh5 12. g4 Bg6 13. Nh4 Nc5 14. Nxg6 fxg6
15. Bc4+ Kh8 16. Bc1 Rad8 17. Qe2 b5 18. Ba2 Qc8 19. f3 Ne6 20. Bxe6 Qxe6 21.
Be3 a6 22. Red1 Nd7 23. a4 b4 24. Nb1 Nc5 25. Nd2 Qf6 26. Kg2 Ne6 27. Qf2 Nd4
28. Rac1 Qf7 29. c3 Nb3 30. Rc2 Rd3 31. Qe2 Rfd8 32. c4 Nc5 33. Rf1 Nxa4 34.
Ra1 b3 35. Nxb3 Rxb3 36. Rxa4 h6 37. Rxa6 Rdd3 38. Rc3 Rbxc3 39. bxc3 Qxc4 40.
Rxc6 Qxc6 41. Qxd3 g5 42. c4 Qa6 43. Qc3 Bd6 44. c5 Bc7 45. Qc2 Kh7 46. c6 Qb5
47. Kg3 Qa5 48. Qd2 Qxd2 49. Bxd2 Kg6 50. Bb4 Kf7 51. Kf2 Ke6 52. Ke3 Bd6 53.
Ba5 Bc5+ 54. Kd3 Kd6 55. c7 Kd7 56. Kc4 Bd4 57. Kd5 g6 58. c8=Q+ Kxc8 59. Ke6
h5 60. Kf6 h4 61. Kxg5 Bf2 62. Kxg6 Kd7 63. Kf6 Bg3 64. g5 Ke8 65. Bb4 Bf4 66.
g6 1-0

[Event "CAN-op U2000"]
[Site "Windsor CAN"]
[Date "2016.07.14"]
[Round "5.35"]
[White "Zhao, Zhong"]
[Black "Manion, Tom"]
[Result "1/2-1/2"]
[WhiteElo "1635"]
[BlackElo "1710"]
[PlyCount "167"]
[EventDate "2016.07.10"]
[EventType "swiss"]
[EventRounds "9"]
[EventCountry "CAN"]

1. d4 f5 2. c4 Nf6 3. g3 g6 4. Bg2 Bg7 5. Nc3 Nc6 6. Nh3 O-O 7. O-O Rb8 8. e3
d6 9. Qe2 Bd7 10. a3 a5 11. Rd1 Qc8 12. Bd2 e5 13. d5 Nd8 14. Ng5 a4 15. Nf3
Nf7 16. Qf1 g5 17. h4 h6 18. Ne2 Ne4 19. Nc3 Nc5 20. hxg5 hxg5 21. Nb5 g4 22.
Nh4 Nh8 23. Qe2 Rf6 24. Kh2 Ng6 25. Nxg6 Rxg6 26. Rh1 c6 27. Nc3 Qd8 28. Kg1
Qf6 29. Rh4 Kf7 30. Kh2 Rh6 31. Rxh6 Qxh6+ 32. Kg1 Rh8 33. Rd1 Qh2+ 34. Kf1 Bf6
35. Be1 e4 36. dxc6 Bxc6 37. Rxd6 Nd3 38. Rxc6 bxc6 39. Nxa4 Ne5 40. Qd1 Nf3
41. Qd7+ Kg6 42. Ba5 Qg1+ 43. Ke2 Ne5 44. Qd1 Qxg2 45. Nc5 Rh1 46. Qa4 Qf1+ 47.
Kd2 Qc1+ 48. Ke2 Re1+ 49. Bxe1 Qxb2+ 50. Kf1 Qc1 51. Ne6 Nf3 52. Nf4+ Kh6 53.
Qb4 c5 54. Qa5 Qxc4+ 55. Kg2 Qc1 56. Kf1 Qd1 57. Ne2 c4 58. Nd4 Bxd4 59. exd4
Nxd4 60. Qa6+ Kg7 61. Qxc4 Kf6 62. a4 Ke7 63. a5 Qd3+ 64. Qxd3 exd3 65. a6 Nb5
66. Bb4+ Kd7 67. Bc5 Nc7 68. a7 Kc6 69. Be3 Kd5 70. Ke1 Kc4 71. Kd2 Na8 72. Bg5
Kd4 73. Bf6+ Ke4 74. Kc3 Nc7 75. Kd2 Na8 76. Bg5 Kd4 77. Be3+ Kc4 78. Bh6 Kd4
79. Bf8 Nc7 80. Bg7+ Ke4 81. Bh6 Kd4 82. Be3+ Kc4 83. Bb6 Na8 84. Be3 1/2-1/2

[Event "CAN-op U2000"]
[Site "Windsor CAN"]
[Date "2016.07.14"]
[Round "5.36"]
[White "Deline, Ralph"]
[Black "Humphreys, Stephen"]
[Result "1/2-1/2"]
[WhiteElo "1824"]
[BlackElo "1647"]
[PlyCount "101"]
[EventDate "2016.07.10"]
[EventType "swiss"]
[EventRounds "9"]
[EventCountry "CAN"]

1. c4 d6 2. g3 e5 3. Bg2 f5 4. Nc3 Nf6 5. d3 Be7 6. e3 c6 7. Nge2 O-O 8. Rb1 a5
9. a3 Bd7 10. O-O Na6 11. b4 axb4 12. axb4 Qc7 13. Bd2 Be6 14. b5 Nc5 15. d4
Nd3 16. b6 Qd7 17. d5 cxd5 18. Nxd5 Nxd5 19. cxd5 Bf7 20. e4 Bh5 21. Be3 Nc5
22. Bxc5 dxc5 23. exf5 Qxf5 24. d6 Bxd6 25. Bxb7 Ra2 26. Bd5+ Bf7 27. Bxa2 Bxa2
28. Rb2 Bc4 29. Qxd6 Qf3 30. Qxe5 Bd5 31. Qxd5+ Qxd5 32. b7 Rb8 33. Nf4 Qc6 34.
Rfb1 c4 35. Rb6 Qe4 36. Ne6 c3 37. Nc5 Qf3 38. Na6 Rxb7 39. Rxb7 c2 40. Rb8+
Kf7 41. R1b7+ Kg6 42. Rb6+ Kh5 43. Rb5+ g5 44. Rc5 Qd1+ 45. Kg2 c1=Q 46. Rxc1
Qxc1 47. Nb4 Qc7 48. Rb5 Qc4 49. Rb6 g4 50. Rb7 Kg5 51. Kg1 1/2-1/2

[Event "CAN-op U2000"]
[Site "Windsor CAN"]
[Date "2016.07.14"]
[Round "5.37"]
[White "Mathews, Jeremy"]
[Black "Deimert, David"]
[Result "1/2-1/2"]
[WhiteElo "1743"]
[BlackElo "1650"]
[PlyCount "126"]
[EventDate "2016.07.10"]
[EventType "swiss"]
[EventRounds "9"]
[EventCountry "CAN"]

1. e4 c5 2. Nf3 g6 3. d4 cxd4 4. Nxd4 Bg7 5. Be3 Nf6 6. Nc3 Nc6 7. f3 O-O 8.
Qd2 d5 9. O-O-O Nxd4 10. Bxd4 dxe4 11. Qe1 Qa5 12. Nxe4 Qxa2 13. Nxf6+ exf6 14.
Qh4 Qa1+ 15. Kd2 Qa4 16. Bxf6 Qxh4 17. Bxh4 Bxb2 18. Bc4 Ba3 19. Rhe1 Bd7 20.
Kc3 Bc6 21. Re5 Rfe8 22. Rde1 Bd6 23. Rxe8+ Rxe8 24. Rxe8+ Bxe8 25. Bd5 b6 26.
Bf2 Kf8 27. Bd4 Bxh2 28. Kc4 Ke7 29. Bb7 Kd6 30. Be3 Be5 31. Ba6 Bc6 32. Kb4
Kc7 33. Bc4 a5+ 34. Kb3 Be8 35. Bd2 Bd4 36. Bf4+ Kc6 37. Bd3 b5 38. Be4+ Kc5
39. Bd2 a4+ 40. Ka3 b4+ 41. Bxb4+ Kc4 42. Bd3+ Kd5 43. c4+ Ke6 44. Bc2 Bc6 45.
Bxa4 Kd7 46. Bd2 h5 47. Bxc6+ Kxc6 48. Kb3 Kc5 49. Bb4+ Kc6 50. Kc2 Bc5 51. Bd2
f5 52. Kd3 Kd6 53. Be3 Bxe3 54. Kxe3 g5 55. Kd4 h4 56. c5+ Ke6 57. c6 Kd6 58.
c7 Kxc7 59. Ke5 g4 60. fxg4 fxg4 61. Kf4 h3 62. Kg3 hxg2 63. Kxg2 Kd6 1/2-1/2

[Event "CAN-op U2000"]
[Site "Windsor CAN"]
[Date "2016.07.14"]
[Round "5.38"]
[White "Lee, Stefano"]
[Black "Zhou, Lily"]
[Result "0-1"]
[WhiteElo "1490"]
[BlackElo "1768"]
[PlyCount "92"]
[EventDate "2016.07.10"]
[EventType "swiss"]
[EventRounds "9"]
[EventCountry "CAN"]

1. e4 c5 2. d4 cxd4 3. c3 d3 4. Bxd3 Nc6 5. Nf3 e6 6. c4 Bc5 7. Nc3 d6 8. O-O
Nge7 9. Na4 e5 10. Nxc5 dxc5 11. b3 O-O 12. Ng5 f6 13. Nf3 Qc7 14. Nh4 Rd8 15.
Qh5 Be6 16. Be2 Nd4 17. f4 Bf7 18. Qg4 h5 19. Qh3 Nxe2+ 20. Kh1 Nxc1 21. Raxc1
exf4 22. Rc3 Qe5 23. Rcc1 Rd6 24. Nf3 Qe6 25. Qh4 Qg4 26. Kg1 Qxh4 27. Nxh4
Rad8 28. Nf3 Nc6 29. a3 Nd4 30. Rb1 Bg6 31. Nxd4 Rxd4 32. Rxf4 Rxe4 33. Rf3
Rxc4 34. Re1 Rc2 35. Ref1 Rdd2 36. R3f2 Rxf2 37. Rxf2 Rxf2 38. Kxf2 Bc2 39. b4
cxb4 40. axb4 b6 41. Ke2 a5 42. bxa5 bxa5 43. Kd2 Bb3 44. g3 a4 45. Kc3 g5 46.
h3 f5 0-1

[Event "CAN-op U2000"]
[Site "Windsor CAN"]
[Date "2016.07.14"]
[Round "5.39"]
[White "Selling, Edward"]
[Black "Cui, Cynthia"]
[Result "0-1"]
[WhiteElo "1708"]
[BlackElo "1700"]
[PlyCount "40"]
[EventDate "2016.07.10"]
[EventType "swiss"]
[EventRounds "9"]
[EventCountry "CAN"]

1. d4 d5 2. Nf3 Nf6 3. Bf4 e6 4. e3 Be7 5. Bd3 O-O 6. Nbd2 b6 7. h3 Bb7 8. c3
c5 9. O-O Nc6 10. Re1 h6 11. e4 dxe4 12. Nxe4 cxd4 13. Nxf6+ Bxf6 14. Ne5 Nxe5
15. Bxe5 dxc3 16. Bxf6 Qxf6 17. bxc3 Qxc3 18. Rc1 Qa5 19. Bb1 Qg5 20. f3 Rfd8
0-1

[Event "CAN-op U2000"]
[Site "Windsor CAN"]
[Date "2016.07.14"]
[Round "5.40"]
[White "Deimert, Elroy"]
[Black "Gillis, Doug"]
[Result "1-0"]
[WhiteElo "1612"]
[BlackElo "1610"]
[PlyCount "23"]
[EventDate "2016.07.10"]
[EventType "swiss"]
[EventRounds "9"]
[EventCountry "CAN"]

1. e4 e6 2. d4 d5 3. exd5 exd5 4. Bd3 Bd6 5. Nc3 c6 6. Be3 Ne7 7. Qh5 Ng6 8.
Bg5 Be7 9. Bxe7 Qxe7+ 10. Nge2 O-O 11. O-O-O Qh4 12. Bxg6 1-0

[Event "CAN-op U2000"]
[Site "Windsor CAN"]
[Date "2016.07.14"]
[Round "5.41"]
[White "Clarke, Brian"]
[Black "Zhou, Annika"]
[Result "1-0"]
[WhiteElo "1695"]
[BlackElo "1533"]
[PlyCount "117"]
[EventDate "2016.07.10"]
[EventType "swiss"]
[EventRounds "9"]
[EventCountry "CAN"]

1. d4 Nf6 2. Nf3 d5 3. Bf4 e6 4. e3 c5 5. c3 Nc6 6. Bd3 Bd6 7. Bg5 h6 8. Bh4 c4
9. Bc2 O-O 10. Nbd2 e5 11. dxe5 Nxe5 12. h3 Re8 13. O-O b5 14. Nd4 a6 15. N2f3
Bd7 16. Nf5 Bxf5 17. Bxf5 Rb8 18. Nd4 Rb6 19. a3 Be7 20. Bc2 Ne4 21. Bxe7 Rxe7
22. Qh5 Rf6 23. Rad1 Qf8 24. Nf5 Rd7 25. Nxh6+ Rxh6 26. Qxe5 Re6 27. Qf5 Nf6
28. Rd4 g6 29. Qf3 Rde7 30. Rfd1 Qg7 31. b3 Re8 32. bxc4 bxc4 33. Rb1 Qf8 34.
Ba4 Rc8 35. Rh4 g5 36. Qg3 Qg7 37. Rd4 Ne4 38. Qg4 Nf6 39. Qd1 Qf8 40. Rb4 a5
41. Rb5 Qxa3 42. Qc2 Ra8 43. Rd1 Re5 44. Rb6 Kg7 45. Bc6 Rc8 46. Bb7 Rc7 47.
Kh1 Ne4 48. Rxd5 Rxd5 49. Bxd5 Nxc3 50. Qf5 Qe7 51. Bxf7 Qxf7 52. Qxg5+ Kf8 53.
Rb8+ Qe8 54. Qf6+ Rf7 55. Qh8+ Ke7 56. Qxe8+ Kf6 57. Qh8+ Ke6 58. Rb6+ Kd5 59.
Qd4# 1-0

[Event "CAN-op U2000"]
[Site "Windsor CAN"]
[Date "2016.07.15"]
[Round "6.35"]
[White "White, Chris"]
[Black "Mathews, Jeremy"]
[Result "0-1"]
[WhiteElo "1788"]
[BlackElo "1743"]
[PlyCount "129"]
[EventDate "2016.07.10"]
[EventType "swiss"]
[EventRounds "9"]
[EventCountry "CAN"]

1. d4 Nf6 2. c4 Nc6 3. Bf4 e6 4. Nc3 Bb4 5. a3 Bxc3+ 6. bxc3 O-O 7. e3 Ne7 8.
Be5 Ng6 9. Bxf6 Qxf6 10. c5 b6 11. cxb6 axb6 12. Qf3 Qxf3 13. Nxf3 Bb7 14. Bd3
Ra5 15. Bc2 Rfa8 16. a4 Bc6 17. O-O Bxa4 18. Bd3 Bc6 19. Rxa5 Rxa5 20. Bxg6
hxg6 21. Ne5 Ba4 22. Rc1 Kf8 23. f4 d6 24. Nc4 Ra8 25. Nd2 Bc6 26. Rc2 Ra3 27.
Nf3 Bxf3 28. gxf3 Ke7 29. Kg2 c5 30. e4 c4 31. Kg3 Kd7 32. Kh4 Kc6 33. Kg5 Ra5+
34. Kh4 f6 35. Rg2 Rh5+ 36. Kg3 e5 37. d5+ Kc5 38. Rb2 exf4+ 39. Kxf4 f5 40.
Rg2 fxe4 41. fxe4 Rh4+ 42. Ke3 Rh3+ 43. Kd2 Rd3+ 44. Kc2 Re3 45. Rxg6 Rxe4 46.
Rxg7 Re2+ 47. Kc1 Rxh2 48. Rc7+ Kxd5 49. Rc8 Ke4 50. Rxc4+ Kd3 51. Rc6 b5 52.
Rxd6+ Kxc3 53. Rc6+ Kb3 54. Rg6 b4 55. Rg3+ Ka2 56. Rg8 Rh1+ 57. Kd2 b3 58.
Ra8+ Kb1 59. Rb8 b2 60. Rb7 Rh2+ 61. Kd1 Rh5 62. Ra7 Rd5+ 63. Ke2 Kc2 64. Rc7+
Kb3 65. Rb7+ 0-1

[Event "CAN-op U2000"]
[Site "Windsor CAN"]
[Date "2016.07.15"]
[Round "6.36"]
[White "Zhou, Lily"]
[Black "Einarsson, Ken"]
[Result "1-0"]
[WhiteElo "1768"]
[BlackElo "1780"]
[PlyCount "77"]
[EventDate "2016.07.10"]
[EventType "swiss"]
[EventRounds "9"]
[EventCountry "CAN"]

1. d4 d5 2. c4 e6 3. Nf3 Nf6 4. e3 Be7 5. b3 Nbd7 6. Bb2 b6 7. Bd3 Bb7 8. O-O
O-O 9. Nbd2 c5 10. Qe2 Rc8 11. Ne5 cxd4 12. Nxd7 Qxd7 13. Bxd4 dxc4 14. Nxc4
Qd5 15. f3 h6 16. Rad1 Qc6 17. Bxf6 Bxf6 18. Be4 Qc7 19. Bxb7 Qxb7 20. Nd6 Qc7
21. Nxc8 Qxc8 22. Rc1 Qb7 23. Rc2 Be7 24. Rfc1 Qb8 25. Rd1 Bb4 26. Rc4 Bd6 27.
g3 a5 28. Rcd4 Bc5 29. Rd7 Qe5 30. Kf2 Qh5 31. Kg2 Qg5 32. e4 Rc8 33. Qd3 e5
34. Rd8+ Rxd8 35. Qxd8+ Qxd8 36. Rxd8+ Kh7 37. Rd7 Kg6 38. f4 Bd4 39. Rd6+ 1-0

[Event "CAN-op U2000"]
[Site "Windsor CAN"]
[Date "2016.07.15"]
[Round "6.37"]
[White "Cui, Cynthia"]
[Black "Deline, Ralph"]
[Result "0-1"]
[WhiteElo "1700"]
[BlackElo "1824"]
[PlyCount "68"]
[EventDate "2016.07.10"]
[EventType "swiss"]
[EventRounds "9"]
[EventCountry "CAN"]

1. c4 c5 2. g3 Nc6 3. Bg2 g6 4. Nc3 Bg7 5. Nf3 Nf6 6. O-O O-O 7. d3 d6 8. Qc2
a6 9. a3 Rb8 10. Rb1 b5 11. cxb5 axb5 12. Qd1 b4 13. axb4 Nxb4 14. Be3 e5 15.
Ra1 Bb7 16. Na2 Nbd5 17. Bd2 e4 18. Ne1 Qe7 19. Nc2 Rfe8 20. Nc3 Nc7 21. dxe4
Nxe4 22. Ne3 Nxd2 23. Qxd2 Bxg2 24. Kxg2 d5 25. Ra7 Bxc3 26. bxc3 Qe4+ 27. Kg1
Nb5 28. Rd7 d4 29. cxd4 cxd4 30. Nc2 Qe6 31. Rxd4 Nxd4 32. Nxd4 Qe4 33. e3 Rb6
34. Qe2 Qxd4 0-1

[Event "CAN-op U2000"]
[Site "Windsor CAN"]
[Date "2016.07.15"]
[Round "6.38"]
[White "Deimert, David"]
[Black "Lee, Stefano"]
[Result "1-0"]
[WhiteElo "1650"]
[BlackElo "1490"]
[PlyCount "77"]
[EventDate "2016.07.10"]
[EventType "swiss"]
[EventRounds "9"]
[EventCountry "CAN"]

1. e4 c6 2. d4 d5 3. e5 Bf5 4. c4 e6 5. Nc3 Nd7 6. Nf3 Bg6 7. a3 Be7 8. cxd5
exd5 9. Be2 Qc7 10. O-O Nh6 11. Bf4 Nb6 12. Bxh6 gxh6 13. Qd2 h5 14. Qh6 O-O-O
15. Nd2 h4 16. Bg4+ Kb8 17. Nf3 Rdg8 18. Bh3 Qd8 19. Qf4 Ka8 20. b3 Rg7 21.
Rfe1 Rhg8 22. e6 Bh5 23. Kh1 Nc8 24. b4 Nd6 25. a4 f5 26. Qe5 Bf6 27. Qe3 Qe7
28. b5 cxb5 29. axb5 Nc4 30. Qf4 Bxf3 31. Qxf3 Bxd4 32. Nxd5 Qd6 33. Ra4 Ne5
34. Qf4 Qxd5 35. Qxd4 Qxd4 36. Rxd4 Rc7 37. Bxf5 a6 38. h3 Nc4 39. e7 1-0

[Event "CAN-op U2000"]
[Site "Windsor CAN"]
[Date "2016.07.15"]
[Round "6.39"]
[White "Humphreys, Stephen"]
[Black "Deimert, Elroy"]
[Result "1-0"]
[WhiteElo "1647"]
[BlackElo "1612"]
[PlyCount "141"]
[EventDate "2016.07.10"]
[EventType "swiss"]
[EventRounds "9"]
[EventCountry "CAN"]

1. d4 Nf6 2. c4 g6 3. Nc3 Bg7 4. Nf3 O-O 5. Bg5 d6 6. e3 Nc6 7. Be2 e5 8. O-O
h6 9. Bh4 Bf5 10. h3 Re8 11. d5 Ne7 12. Rc1 g5 13. Bg3 Bg6 14. Nd2 Nf5 15. Bh2
c6 16. dxc6 bxc6 17. Nf3 Rb8 18. b3 Qe7 19. c5 Rbd8 20. cxd6 Rxd6 21. Qe1 Nd7
22. Na4 Nb6 23. Nc5 Rd5 24. b4 e4 25. Nd2 Nd6 26. Ndb3 Rd8 27. Rc2 f5 28. Qc1
Bf7 29. Rd1 Rxd1+ 30. Bxd1 Nd5 31. Bxd6 Rxd6 32. a3 Nc3 33. Be2 Nxe2+ 34. Rxe2
Qd8 35. Re1 Qe7 36. Rd1 Bd5 37. Nd4 Qf7 38. Ne2 Bf8 39. Kf1 h5 40. Kg1 Rd8 41.
Nb3 Be7 42. Na5 Rc8 43. Qd2 Bd8 44. Rc1 Bxa5 45. bxa5 c5 46. Nc3 Bc4 47. Na4 a6
48. Nb6 Be6 49. Nxc8 Bxc8 50. Qd8+ Qf8 51. Qxf8+ Kxf8 52. Rxc5 Bd7 53. Rd5 Ke7
54. h4 Ke6 55. Rd4 g4 56. Kf1 Bb5+ 57. Ke1 Ke5 58. g3 Ke6 59. Kd2 Ke5 60. Kc3
Ke6 61. Kb4 Ke5 62. Kc5 Ke6 63. Kb6 Ke5 64. Rd1 Ke6 65. Rd8 Ke7 66. Rh8 Ke6 67.
Rxh5 Kf6 68. Rh8 Ke6 69. Ra8 Kd6 70. Rxa6 Bxa6 71. Kxa6 1-0

[Event "CAN-op U2000"]
[Site "Windsor CAN"]
[Date "2016.07.15"]
[Round "6.40"]
[White "Zhou, Annika"]
[Black "Selling, Edward"]
[Result "1/2-1/2"]
[WhiteElo "1533"]
[BlackElo "1708"]
[PlyCount "77"]
[EventDate "2016.07.10"]
[EventType "swiss"]
[EventRounds "9"]
[EventCountry "CAN"]

1. e4 c5 2. Nf3 Nc6 3. Bb5 e6 4. Bxc6 dxc6 5. d3 Qc7 6. Be3 e5 7. Nc3 Nf6 8.
O-O Be7 9. h3 h6 10. b3 Be6 11. Na4 b6 12. Qe2 Rd8 13. Rfd1 O-O 14. Nh2 Nh7 15.
f3 Nf6 16. Ng4 Bxg4 17. fxg4 Nh7 18. Rf1 Bh4 19. Rf5 Bg5 20. Raf1 Bxe3+ 21.
Qxe3 Ng5 22. Nb2 Ne6 23. g3 Nd4 24. R5f2 b5 25. a4 a6 26. Ra1 Qd6 27. Kg2 Rde8
28. Qd2 b4 29. a5 Nb5 30. Na4 Qd4 31. Re1 Rd8 32. Qe3 f6 33. Nxc5 Qxe3 34. Rxe3
Ra8 35. Na4 Nd4 36. Nb2 Rab8 37. Nc4 Rfd8 38. Re1 Nb5 39. Ra1 1/2-1/2

[Event "CAN-op U2000"]
[Site "Windsor CAN"]
[Date "2016.07.15"]
[Round "6.41"]
[White "Clarke, Brian"]
[Black "Faust, Steven"]
[Result "1-0"]
[WhiteElo "1695"]
[BlackElo "1613"]
[PlyCount "65"]
[EventDate "2016.07.10"]
[EventType "swiss"]
[EventRounds "9"]
[EventCountry "CAN"]

1. d4 Nf6 2. Nf3 e6 3. Bf4 d5 4. e3 Bd7 5. Bd3 c5 6. c3 Nc6 7. h3 h6 8. O-O a6
9. Nbd2 cxd4 10. exd4 Rc8 11. Re1 Be7 12. Ne5 b5 13. a4 Qb6 14. axb5 axb5 15.
b4 O-O 16. Qe2 Nxe5 17. dxe5 Ne8 18. Be3 Qb7 19. Ra7 Qc6 20. Rea1 Nc7 21. Bd4
Ra8 22. Nb3 Rxa7 23. Rxa7 Na8 24. Na5 Qc8 25. Bxb5 Bxb5 26. Qxb5 Bd8 27. Bc5
Bxa5 28. Bxf8 Qxc3 29. Rxa8 Kh7 30. bxa5 Qe1+ 31. Qf1 Qxe5 32. Qb1+ g6 33. Qc1
1-0

[Event "CAN-op U2000"]
[Site "Windsor CAN"]
[Date "2016.07.16"]
[Round "7.25"]
[White "Koltai, Daniel"]
[Black "James, Rowan"]
[Result "1-0"]
[WhiteElo "1781"]
[BlackElo "1766"]
[PlyCount "101"]
[EventDate "2016.07.10"]
[EventType "swiss"]
[EventRounds "9"]
[EventCountry "CAN"]

1. e4 e5 2. Nf3 Nc6 3. Bb5 a6 4. Ba4 Nf6 5. O-O Be7 6. Re1 b5 7. Bb3 O-O 8. c3
d5 9. exd5 Nxd5 10. Nxe5 Nxe5 11. Rxe5 c6 12. d4 Bd6 13. Rh5 g6 14. Rh6 Nf4 15.
g3 Nh5 16. Rxh5 gxh5 17. Qxh5 Qe7 18. Be3 Qe4 19. Nd2 Qg6 20. Qxg6+ hxg6 21.
Nf3 Kg7 22. Re1 Bf5 23. Ne5 c5 24. Nxf7 Rxf7 25. dxc5 Be7 26. Bxf7 Kxf7 27. Rd1
Bxc5 28. b4 Bf8 29. Bd4 Rd8 30. f3 Be6 31. a3 Bc4 32. Kf2 Bg7 33. Rd2 Rd5 34.
h4 Bf6 35. Ke3 Be7 36. Bh8 Rxd2 37. Kxd2 Ke6 38. Ke3 Bd8 39. f4 Kf5 40. Be5 Bf6
41. Bxf6 Kxf6 42. Ke4 Ke6 43. g4 Bd5+ 44. Ke3 Kf6 45. h5 gxh5 46. gxh5 Ke6 47.
h6 Kf6 48. Kd4 Bc6 49. h7 Kg7 50. Ke5 Kxh7 51. Kd6 1-0

[Event "CAN-op U2000"]
[Site "Windsor CAN"]
[Date "2016.07.16"]
[Round "7.26"]
[White "Faraji, Jafar"]
[Black "Finlay, Ian"]
[Result "1-0"]
[WhiteElo "1827"]
[BlackElo "1872"]
[PlyCount "135"]
[EventDate "2016.07.10"]
[EventType "swiss"]
[EventRounds "9"]
[EventCountry "CAN"]

1. Nf3 f5 2. g3 g6 3. Bg2 Bg7 4. d4 Nf6 5. O-O O-O 6. c4 d6 7. Nc3 e6 8. b3 a5
9. Bb2 Na6 10. Qc2 Qe7 11. e4 Nb4 12. Qb1 e5 13. dxe5 dxe5 14. Nd5 Nfxd5 15.
exd5 f4 16. Nd2 Bf5 17. Ne4 fxg3 18. hxg3 Na6 19. Qc2 Nc5 20. Ba3 h6 21. g4
Bxe4 22. Bxe4 g5 23. Bf5 b6 24. Rae1 Qf6 25. Bb2 Qd6 26. f3 e4 27. Bxg7 Qg3+
28. Qg2 Qxg2+ 29. Kxg2 exf3+ 30. Rxf3 Kxg7 31. Re7+ Rf7 32. Rxf7+ Kxf7 33. d6
c6 34. Bd7+ Kg7 35. Bxc6 Rd8 36. d7 Ne6 37. Rf2 Nd4 38. Ba4 b5 39. cxb5 Rxd7
40. Rd2 Kf6 41. b6 Rd8 42. b7 Ke5 43. Bb5 Rb8 44. Ba6 Rf8 45. Rf2 Rxf2+ 46.
Kxf2 Nc6 47. Bb5 Nb8 48. Ke3 Kd5 49. a4 Ke5 50. b4 axb4 51. a5 Kd6 52. a6 Kc7
53. a7 Kxb7 54. axb8=Q+ Kxb8 55. Kd4 b3 56. Kc3 Kc7 57. Be8 Kd8 58. Bh5 b2 59.
Kxb2 Ke7 60. Kc3 Kf6 61. Kd4 Ke6 62. Ke4 Kf6 63. Kd5 Kg7 64. Ke6 Kh7 65. Kf7
Kh8 66. Kg6 Kg8 67. Kxh6 Kh8 68. Bg6 1-0

[Event "CAN-op U2000"]
[Site "Windsor CAN"]
[Date "2016.07.16"]
[Round "7.26"]
[White "Li, Jack"]
[Black "Cui, Cynthia"]
[Result "1/2-1/2"]
[WhiteElo "1629"]
[BlackElo "1700"]
[PlyCount "100"]
[EventDate "2016.07.10"]
[EventType "swiss"]
[EventRounds "9"]
[EventCountry "CAN"]

1. e4 d5 2. exd5 Qxd5 3. Nc3 Qd6 4. Nf3 Nf6 5. Bc4 Bg4 6. h3 Bxf3 7. Qxf3 c6 8.
d3 Nbd7 9. Bf4 Qb4 10. Bb3 e6 11. O-O Be7 12. a3 Qb6 13. Ne4 O-O 14. Nd6 Nd5
15. Nc4 Qd8 16. Ne3 Bf6 17. Nxd5 exd5 18. Rab1 Nc5 19. Ba2 Qb6 20. Be3 d4 21.
Bf4 Nd7 22. Bc4 Qa5 23. Rfe1 Rfe8 24. Rxe8+ Rxe8 25. Qg4 Nb6 26. b4 Qxa3 27.
Bxf7+ Kxf7 28. Qh5+ g6 29. Qxh7+ Bg7 30. Bh6 Rg8 31. Bxg7 Rxg7 32. Qh4 Qc3 33.
Qf4+ Kg8 34. Qg5 Nd5 35. Qd8+ Kf7 36. Qd7+ Kf6 37. Qd6+ Kg5 38. Qg3+ Kf5 39.
Qd6 Re7 40. f4 Re1+ 41. Kh2 Nxf4 42. g4+ Kg5 43. Qd8+ Kh6 44. Qh8+ Kg5 45. Qd8+
Kh6 46. Qh4+ Kg7 47. Rxe1 Qxc2+ 48. Kg3 Ne2+ 49. Kf2 Nc3+ 50. Kg1 Nd5 1/2-1/2